000 00334nam a2200121Ia 4500
008 220204s9999 xx 000 0 und d
082 _a058:061(540)
_bRAJ
100 _aRajagopalan, T S
245 0 _aDirectory of scientific research institutions in India
260 _aDelhi
_bINSDOC
_c1960
700 _aSatyanarayan, R
942 _cBK
999 _c21405
_d21405